00550nam a2200181Ia 4500003000900000008004100009040001600050080001500066100001600081245010400097260003800201300002300239650002300262650002800285650001900313700001900332700001700351IN-BaIIA211028s9999 xx 000 0 eng d cIIA Library a535-1bSMI aSmith, R. A 4aThe detection and measurement of infra-red radiationcR. A. Smith, F. E. Jones, and R. P. Chasmar aOxfordbThe Clarendon Pressc1957 a[various pagings.] aInfrared Radiation aLight-Visible Radiation aNASA Thesaurus aChasmar, R. P. aJones, F. E.